LIBRARY & INFORMATION CENTRE, KCAET, TAVANUR

ONLINE PUBLIC ACCESS CATALOGUE (OPAC)

Automobile engineering , Vol.1 (Record no. 15407)

MARC details
000 -LEADER
fixed length control field 00336cam a2200133ua 4500
020 ## - INTERNATIONAL STANDARD BOOK NUMBER
ISBN 978818014242
082 ## - DEWEY DECIMAL CLASSIFICATION NUMBER
Classification number 629.2
Item number KIR/AU
100 ## - MAIN ENTRY--AUTHOR NAME
Personal name Kirpal , Singh .
245 ## - TITLE STATEMENT
Title Automobile engineering , Vol.1
250 ## - EDITION STATEMENT
Edition statement 14
260 ## - PUBLICATION, DISTRIBUTION, ETC. (IMPRINT)
Place of publication New Delhi :
Name of publisher Standard publishers Distributors ,
Year of publication 2017
300 ## - PHYSICAL DESCRIPTION
Number of Pages 770p ; .
942 ## - ADDED ENTRY ELEMENTS (KOHA)
Koha item type Books
Holdings
Withdrawn status Lost status Damaged status Collection code Home library Current library Shelving location Date acquired Source of acquisition Cost, normal purchase price Full call number Accession Number Koha item type
        KAUAET KAUAET General Stacks 31/03/2018 Vigyan Books 475.00 629.2 KIR/AU 25702 Books
        KAUAET KAUAET General Stacks 31/03/2018 Vigyan Books 475.00 629.2 KIR/AU 25703 Books
free website counter